| 000 | 00804nam a2200217Ii 4500 | ||
|---|---|---|---|
| 003 | JO-AjNU | ||
| 008 | 230605s9999||||xx |||||||||||||| ||und|| | ||
| 020 | _a977-327-582-5 | ||
| 040 |
_aJO-AjNU _bara _erda _cJO-AjNU |
||
| 041 | _aara | ||
| 050 | 1 | 4 | _aQ127.A65 H37 2006 |
| 100 | 3 |
_aحربي، خالد, _eauthor _917882 |
|
| 245 | 0 | 0 | _aنماذج لعلوم الحضارة الاسلامية واثرها في الآخر |
| 250 | _aط1 | ||
| 264 | 3 | 1 | _aالاسكندرية : دار الوفاء لدنيا الطباعة والنشر، 2006 |
| 300 | _a211ص | ||
| 336 |
_atext _btxt _2rdacontent |
||
| 337 |
_aunmediated _bn _2rdamedia |
||
| 338 |
_avolume _bnc _2rdacarrier |
||
| 650 | 4 |
_aالعلوم عند العرب -الحضارة الاسلامية -الطب النفسي - تاريخ _917883 |
|
| 999 |
_aA5616 _c9184 _d9184 |
||